[Event "100 Jahre Schvgg Blankenese - Open 2023"]
[Site "Lise-Meitner-Gymnasium (HH)"]
[Date "2023.10.01"]
[Round "3.1"]
[White "Feuerstack, Aljoscha"]
[Black "Helmer, Jan"]
[Result "1-0"]
[WhiteElo "2477"]
[BlackElo "2152"]
[PlyCount "97"]
[EventDate "2023.09.30"]
[EventType "swiss"]
[EventRounds "7"]
[WhiteTeam "FC ST.Pauli 1910 eV SAbt"]
[BlackTeam "Hamelner SV"]

1. e4 c5 2. Nf3 Nc6 3. d4 cxd4 4. Nxd4 e5 5. Nb5 d6 6. N1c3 a6 7. Na3 Be7 8.
Be3 Nf6 9. Nc4 b5 10. Nb6 Rb8 11. Nxc8 Qxc8 12. Bd3 O-O 13. O-O Bd8 14. a3 h6
15. Be2 Qd7 16. f4 Nd4 17. Bd3 Bb6 18. Kh1 Nc6 19. Bxb6 Rxb6 20. fxe5 dxe5 21.
Rxf6 gxf6 22. Nd5 Qd8 23. Qd2 Kg7 24. Qf2 Rb7 25. Qg3+ Kh8 26. Qe3 Kg7 27. Rf1
f5 28. Rxf5 Ne7 29. Rh5 Qd6 30. Qg3+ Qg6 31. Qxe5+ f6 32. Nxe7 fxe5 33. Nxg6
Kxg6 34. Rxe5 Rf6 35. Rd5 Kg7 36. e5 Rfb6 37. g4 Re7 38. Bf5 Rc6 39. Kg2 Rc4
40. Kf3 Rec7 41. c3 R4c5 42. Ke4 Kf7 43. Rd8 Rc4+ 44. Kf3 a5 45. Rh8 b4 46.
cxb4 axb4 47. Rxh6 bxa3 48. bxa3 Rc3+ 49. Kf4 1-0

[Event "100 Jahre Schvgg Blankenese - Open 2023"]
[Site "Lise-Meitner-Gymnasium (HH)"]
[Date "2023.10.01"]
[Round "3.2"]
[White "Helms, Finn"]
[Black "Ertan, Can"]
[Result "0-1"]
[WhiteElo "2082"]
[BlackElo "2339"]
[PlyCount "80"]
[EventDate "2023.09.30"]
[EventType "swiss"]
[EventRounds "7"]
[WhiteTeam "SAbt SV Werder Bremen"]
[BlackTeam "FC ST.Pauli 1910 eV SAbt"]

1. e4 e5 2. Nf3 Nc6 3. Bc4 Bc5 4. c3 Nf6 5. d4 exd4 6. e5 d5 7. Bb5 Ne4 8. cxd4
Bb6 9. Nc3 O-O 10. Be3 Bg4 11. h3 Bh5 12. Qc2 Bg6 13. Qb3 Ne7 14. O-O c6 15.
Bd3 Nd2 16. Nxd2 Bxd3 17. Rfe1 Nf5 18. Na4 Bc4 19. Nxc4 dxc4 20. Qxc4 Bxd4 21.
Bxd4 Qxd4 22. Qb3 Qf4 23. Nc5 Rad8 24. Re4 Qd2 25. Rae1 b6 26. Na6 c5 27. e6
fxe6 28. Qxe6+ Kh8 29. b4 Nd4 30. Qe7 Qxf2+ 31. Kh1 Nf5 32. Qxd8 Ng3+ 33. Kh2
Nxe4 34. Rd1 Qf4+ 35. Kg1 Nc3 36. bxc5 bxc5 37. Qd2 Nxd1 38. Qxd1 h6 39. Qe2
Rd8 40. Qc2 Rd2 0-1

[Event "100 Jahre Schvgg Blankenese - Open 2023"]
[Site "Lise-Meitner-Gymnasium (HH)"]
[Date "2023.10.01"]
[Round "3.3"]
[White "Schulze, Lara"]
[Black "Rolf, Marco"]
[Result "1-0"]
[WhiteElo "2284"]
[BlackElo "2032"]
[PlyCount "77"]
[EventDate "2023.09.30"]
[EventType "swiss"]
[EventRounds "7"]
[WhiteTeam "SAbt SV Werder Bremen"]
[BlackTeam "TV Fischbek Suederelbe"]

1. e4 e6 2. d4 d5 3. Nd2 Nf6 4. e5 Nfd7 5. c3 c5 6. f4 Nc6 7. Ndf3 cxd4 8. cxd4
Bb4+ 9. Kf2 O-O 10. g3 f6 11. Kg2 Qb6 12. Bd3 Be7 13. h4 fxe5 14. dxe5 h6 15.
Qe2 Nc5 16. Be3 d4 17. Nxd4 Bd7 18. Nb3 Nxb3 19. Bxb6 axb6 20. Nf3 Nxa1 21. Qe4
Rf5 22. g4 Rxa2 23. gxf5 Rxb2+ 24. Kg3 Rb4 25. fxe6 Rxe4 26. Bxe4 Bxe6 27. Rxa1
Kf7 28. f5 Bc4 29. Nd2 Be2 30. Bd5+ Ke8 31. Ra8+ Bd8 32. f6 gxf6 33. exf6 Bh5
34. Ne4 Ne5 35. Kf4 Ng6+ 36. Ke3 Ne5 37. f7+ Bxf7 38. Nd6+ Kd7 39. Nxf7 1-0

[Event "100 Jahre Schvgg Blankenese - Open 2023"]
[Site "Lise-Meitner-Gymnasium (HH)"]
[Date "2023.10.01"]
[Round "3.4"]
[White "Bracker, Arne"]
[Black "Porth, Hartmut"]
[Result "1-0"]
[WhiteElo "2280"]
[BlackElo "2028"]
[PlyCount "65"]
[EventDate "2023.09.30"]
[EventType "swiss"]
[EventRounds "7"]
[WhiteTeam "Hamburger SK von 1830 eV"]
[BlackTeam "SV Bargteheide"]

1. e4 Nc6 2. Nf3 d6 3. d4 Nf6 4. Nc3 g6 5. Be3 Bg7 6. Qd2 a6 7. h3 b5 8. Bd3
Bb7 9. Ne2 O-O 10. Ng3 e5 11. dxe5 Nxe5 12. Nxe5 dxe5 13. O-O Qe7 14. a4 b4 15.
f3 a5 16. Rfd1 Rfd8 17. Qe2 Nd7 18. Bc4 Nc5 19. Kh2 Ne6 20. c3 bxc3 21. bxc3
Nf4 22. Qa2 Bc6 23. Ne2 Nxe2 24. Bxe2 Rxd1 25. Rxd1 Rd8 26. Qc4 Rxd1 27. Bxd1
Qd7 28. Bb3 Bb7 29. Qc5 Qc6 30. Qe7 Qf6 31. Qxc7 Ba6 32. Qxa5 h5 33. Qb6 1-0

[Event "100 Jahre Schvgg Blankenese - Open 2023"]
[Site "Lise-Meitner-Gymnasium (HH)"]
[Date "2023.10.01"]
[Round "3.5"]
[White "Kotyk, Michael"]
[Black "Braeutigam, Alexander"]
[Result "1/2-1/2"]
[WhiteElo "2225"]
[BlackElo "2006"]
[PlyCount "88"]
[EventDate "2023.09.30"]
[EventType "swiss"]
[EventRounds "7"]
[WhiteTeam "Hamburger SK von 1830 eV"]
[BlackTeam "SK Doppelbauer Kiel von 1910 e.V"]

1. Nf3 Nf6 2. g3 c5 3. c4 g6 4. b3 Bg7 5. Bb2 b6 6. Bg2 Bb7 7. O-O O-O 8. d4
cxd4 9. Nxd4 Bxg2 10. Kxg2 d5 11. Na3 Re8 12. Nf3 Nc6 13. Rc1 Nb4 14. Nc2 a5
15. a3 Nxc2 16. Rxc2 dxc4 17. Rxc4 b5 18. Rc6 Qb8 19. Qc2 b4 20. a4 Nd5 21.
Bxg7 Kxg7 22. Qc5 Nc3 23. h4 h5 24. Rc7 Ra6 25. Ng5 Qa8+ 26. f3 Qd5 27. Ne4
Qxc5 28. Nxc5 Rd6 29. Nb7 Rd2 30. Nxa5 Nd5 31. Rb7 Ne3+ 32. Kf2 Nxf1 33. Kxf1
Rc2 34. Nc4 Rd8 35. Kf2 Rc3 36. Rxb4 Rd1 37. a5 Rh1 38. Kg2 Ra1 39. Rb5 Re1 40.
Kf2 Rh1 41. Ne3 Rb1 42. b4 Ra3 43. Nc2 Rc3 44. Ne3 Ra3 1/2-1/2

[Event "100 Jahre Schvgg Blankenese - Open 2023"]
[Site "Lise-Meitner-Gymnasium (HH)"]
[Date "2023.10.01"]
[Round "3.6"]
[White "Hovhannisyan, Artur"]
[Black "Urban, Ralf-Dieter"]
[Result "1-0"]
[WhiteElo "2215"]
[BlackElo "1998"]
[PlyCount "63"]
[EventDate "2023.09.30"]
[EventType "swiss"]
[EventRounds "7"]
[WhiteTeam "SK Norderstedt von 1975"]
[BlackTeam "SK Union Eimsbuettel eV"]

1. e4 e5 2. Nf3 Nc6 3. Bb5 a6 4. Ba4 Bc5 5. O-O Nge7 6. c3 d6 7. d4 exd4 8.
cxd4 Ba7 9. h3 O-O 10. Nc3 d5 11. exd5 Nb4 12. Bg5 f6 13. Bf4 Nbxd5 14. Bb3 c6
15. Re1 Kh8 16. Bh2 Bf5 17. Ne4 Bxe4 18. Rxe4 Qd7 19. Qe2 Ng6 20. Nh4 Nxh4 21.
Rxh4 Rae8 22. Qh5 g5 23. Rg4 Qf7 24. Qh6 Qg6 25. Qxg6 hxg6 26. h4 gxh4 27. Rxg6
Bxd4 28. Rd1 Re2 29. Bd6 Bxf2+ 30. Kf1 Rfe8 31. Bxd5 cxd5 32. Rxd5 1-0

[Event "100 Jahre Schvgg Blankenese - Open 2023"]
[Site "Lise-Meitner-Gymnasium (HH)"]
[Date "2023.10.01"]
[Round "3.7"]
[White "Hebbinghaus, Holger"]
[Black "König, Friedrich Theodor"]
[Result "1/2-1/2"]
[WhiteElo "2179"]
[BlackElo "1990"]
[PlyCount "54"]
[EventDate "2023.09.30"]
[EventType "swiss"]
[EventRounds "7"]
[WhiteTeam "SK Doppelbauer Kiel von 1910 e.V"]
[BlackTeam "SK Marmstorf GW Harburg"]

1. c4 e5 2. Nc3 Bb4 3. Nd5 Be7 4. d4 exd4 5. Qxd4 Nf6 6. Nxe7 Qxe7 7. Bg5 Nc6
8. Qc3 Ne5 9. Nf3 d6 10. Nxe5 dxe5 11. g3 h6 12. Bxf6 Qxf6 13. Bg2 O-O 14. O-O
c6 15. Rad1 Bg4 16. f3 Be6 17. Rd2 Rad8 18. Rfd1 Rxd2 19. Rxd2 Rd8 20. Rxd8+
Qxd8 21. Qxe5 Bxc4 22. b3 Be6 23. h4 b6 24. f4 Qd7 25. Be4 f5 26. Bd3 c5 27.
Kf2 Kf7 1/2-1/2

[Event "100 Jahre Schvgg Blankenese - Open 2023"]
[Site "Lise-Meitner-Gymnasium (HH)"]
[Date "2023.10.01"]
[Round "3.8"]
[White "Bräutigam, Katerina"]
[Black "Callsen, Niklas"]
[Result "0-1"]
[WhiteElo "1955"]
[BlackElo "2176"]
[PlyCount "98"]
[EventDate "2023.09.30"]
[EventType "swiss"]
[EventRounds "7"]
[WhiteTeam "SV VHS Rendsburg"]
[BlackTeam "SK Doppelbauer Kiel von 1910 e.V"]

1. e4 c6 2. d4 d5 3. e5 Bf5 4. Nd2 e6 5. Nb3 Ne7 6. Nf3 Bg6 7. Be2 Nf5 8. O-O
h5 9. Bd2 Be7 10. Rc1 Nd7 11. Ba5 b6 12. Bd2 c5 13. c4 Nxd4 14. Nfxd4 cxd4 15.
cxd5 d3 16. dxe6 Nxe5 17. exf7+ Bxf7 18. Bf3 Nxf3+ 19. Qxf3 O-O 20. Bc3 Rc8 21.
Qg3 Bf6 22. Bxf6 Qxf6 23. Qxd3 Qxb2 24. Rxc8 Rxc8 25. Qd7 Rf8 26. Nd4 Bc4 27.
Ne6 Bxf1 28. Nxf8 Qb1 29. Qd5+ Kxf8 30. Qd8+ Kf7 31. Qd7+ Kg6 32. Qe8+ Kf6 33.
Qc6+ Ke5 34. f4+ Kd4 35. Qd7+ Ke3 36. Qe7+ Kd2 37. Kf2 Bd3 38. Qe3+ Kc2 39. Qe6
Qf1+ 40. Kg3 h4+ 41. Kh3 Qxf4 42. Qb3+ Kd2 43. Qb2+ Kd1 44. Qb3+ Ke2 45. Qb2+
Kf1 46. Qa1+ Kf2 47. Qb2+ Kg1 48. g4 Bf1+ 49. Kxh4 Qxh2+ 0-1

[Event "100 Jahre Schvgg Blankenese - Open 2023"]
[Site "Lise-Meitner-Gymnasium (HH)"]
[Date "2023.10.01"]
[Round "3.9"]
[White "Parvanyan, Alfred"]
[Black "Neller, Christian"]
[Result "1-0"]
[WhiteElo "2161"]
[BlackElo "1757"]
[PlyCount "61"]
[EventDate "2023.09.30"]
[EventType "swiss"]
[EventRounds "7"]
[WhiteTeam "SK Norderstedt von 1975"]
[BlackTeam "SF Wedel"]

1. d4 Nf6 2. c4 g6 3. Nf3 Bg7 4. g3 O-O 5. Bg2 c5 6. O-O cxd4 7. Qxd4 Nc6 8.
Qh4 e5 9. Bg5 Nd4 10. Nxd4 exd4 11. Qxd4 h6 12. Bc1 Re8 13. Qd3 d6 14. Nc3 Ng4
15. Bf4 Bf5 16. Qxd6 Qxd6 17. Bxd6 Bxc3 18. bxc3 Rxe2 19. Bxb7 Rd8 20. c5 Nf6
21. Bf3 Rc2 22. Be7 Rd3 23. Bd1 Rxd1 24. Raxd1 Ne4 25. Rc1 Nxc3 26. Rxc2 Bxc2
27. Re1 Nxa2 28. Re2 Bb3 29. Rb2 Bd5 30. Bf6 g5 31. c6 1-0

[Event "100 Jahre Schvgg Blankenese - Open 2023"]
[Site "Lise-Meitner-Gymnasium (HH)"]
[Date "2023.10.01"]
[Round "3.10"]
[White "Piepenhagen, Eric"]
[Black "Bracker, Frank"]
[Result "0-1"]
[WhiteElo "1913"]
[BlackElo "2277"]
[PlyCount "60"]
[EventDate "2023.09.30"]
[EventType "swiss"]
[EventRounds "7"]
[WhiteTeam "Niendorfer TSV 1919 SAbt"]
[BlackTeam "Hamburger SK von 1830 eV"]

1. e4 c5 2. Nf3 e6 3. d4 cxd4 4. Nxd4 Nc6 5. c4 Nf6 6. Nc3 Bb4 7. f3 O-O 8. Nc2
Bxc3+ 9. bxc3 d5 10. exd5 exd5 11. Be2 dxc4 12. Qxd8 Rxd8 13. Bxc4 Ne5 14. Be2
Nd3+ 15. Bxd3 Rxd3 16. Bd2 b6 17. Nb4 Rd6 18. Nc2 Ba6 19. Nd4 Re8+ 20. Kf2 Rxd4
21. cxd4 Re2+ 22. Kg3 Rxd2 23. Rhd1 Rxd1 24. Rxd1 Nd5 25. Rc1 Kf8 26. a3 Ke7
27. Re1+ Kd7 28. Re5 Bc4 29. f4 b5 30. Kf3 a5 0-1

[Event "100 Jahre Schvgg Blankenese - Open 2023"]
[Site "Lise-Meitner-Gymnasium (HH)"]
[Date "2023.10.01"]
[Round "3.11"]
[White "Pienski, Olaf"]
[Black "Popvasilev, Kaloyan"]
[Result "0-1"]
[WhiteElo "1906"]
[BlackElo "2221"]
[PlyCount "94"]
[EventDate "2023.09.30"]
[EventType "swiss"]
[EventRounds "7"]
[WhiteTeam "SF Leherheide von 1950"]
[BlackTeam "SV Bargteheide"]

1. e4 c5 2. Nf3 d6 3. d4 Nf6 4. Nc3 cxd4 5. Nxd4 Nc6 6. Be2 e5 7. Nb3 Be7 8.
O-O O-O 9. Kh1 a5 10. a4 Nb4 11. f4 Be6 12. f5 Bd7 13. Bg5 Qc7 14. Bf3 Rfd8 15.
Rf2 Ng4 16. Bxg4 Bxg5 17. Bf3 Qb6 18. Re2 Rac8 19. Nc1 d5 20. exd5 Bxf5 21. Nd3
f6 22. Ne4 Bxe4 23. Bxe4 Nxd5 24. Qf1 Ne3 25. Qf2 Qd4 26. Bf5 Rc6 27. c3 Qb6
28. Be4 Rcd6 29. Ne1 g6 30. Nf3 Rd1+ 31. Re1 Rxa1 32. Rxa1 Bh6 33. Re1 f5 34.
Bb1 e4 35. Nd4 Ng4 36. Qh4 Bg7 37. h3 Ne5 38. Ba2+ Kh8 39. Ne6 Rd7 40. Nxg7
Kxg7 41. Qg3 Nd3 42. Rb1 f4 43. Qg5 Nf2+ 44. Kh2 Qd6 45. Kg1 e3 46. Bc4 Ne4 47.
Qb5 f3 0-1

[Event "100 Jahre Schvgg Blankenese - Open 2023"]
[Site "Lise-Meitner-Gymnasium (HH)"]
[Date "2023.10.01"]
[Round "3.12"]
[White "Lau, Felix"]
[Black "Keyser, Robin"]
[Result "0-1"]
[WhiteElo "1862"]
[BlackElo "2185"]
[PlyCount "44"]
[EventDate "2023.09.30"]
[EventType "swiss"]
[EventRounds "7"]
[WhiteTeam "SchVgg Blankenese von 1923 e.V."]
[BlackTeam "SK Johanneum Eppendorf"]

1. e4 e6 2. d4 d5 3. Nc3 Bb4 4. e5 c5 5. a3 Bxc3+ 6. bxc3 Ne7 7. Qg4 Qc7 8.
Qxg7 Rg8 9. Qxh7 cxd4 10. Ne2 Nbc6 11. f4 dxc3 12. Qd3 d4 13. Nxd4 Nxd4 14.
Qxd4 Bd7 15. Bd3 Bc6 16. Be4 Bxe4 17. Qxe4 Nf5 18. Rb1 O-O-O 19. Rb4 Kb8 20.
O-O Qc5+ 21. Be3 (21. Kh1 Ng3+ 22. hxg3 Rh8+) 21... Qxe3+ 22. Qxe3 Nxe3 0-1

[Event "100 Jahre Schvgg Blankenese - Open 2023"]
[Site "Lise-Meitner-Gymnasium (HH)"]
[Date "2023.10.01"]
[Round "3.13"]
[White "Emami, Madjid"]
[Black "Thomaschke, Dirk"]
[Result "0-1"]
[WhiteElo "1852"]
[BlackElo "2161"]
[PlyCount "80"]
[EventDate "2023.09.30"]
[EventType "swiss"]
[EventRounds "7"]
[WhiteTeam "Hamburger SK von 1830 eV"]
[BlackTeam "FC ST.Pauli 1910 eV SAbt"]

1. g3 d5 2. Bg2 e5 3. d3 Nf6 4. Nf3 Nc6 5. O-O Be7 6. Na3 O-O 7. c4 e4 8. dxe4
dxe4 9. Qxd8 Rxd8 10. Ng5 Nd4 11. Nxe4 Nxe2+ 12. Kh1 Nxc1 13. Raxc1 c6 14. Nc2
Be6 15. b3 Nxe4 16. Bxe4 Rd2 17. Kg1 Rad8 18. a4 f5 19. Bf3 R8d3 20. Rcd1 Bc5
21. Rxd2 Rxd2 22. Ne3 Bxe3 23. fxe3 Rd3 24. Bd1 Rxe3 25. Bc2 g6 26. Rd1 Rc3 27.
Rd8+ Kf7 28. Bd1 Ke7 29. Rd2 c5 30. Kf2 Bd7 31. Rd5 b6 32. Ke2 f4 33. Kf2 fxg3+
34. hxg3 Bc6 35. Re5+ Kf6 36. Re3 Rxe3 37. Kxe3 Ke5 38. Bc2 Bd7 39. Bd1 Bf5 40.
g4 Be4 0-1

[Event "100 Jahre Schvgg Blankenese - Open 2023"]
[Site "Lise-Meitner-Gymnasium (HH)"]
[Date "2023.10.01"]
[Round "3.14"]
[White "Atri, Jamshid"]
[Black "Schulze, Tim"]
[Result "1-0"]
[WhiteElo "1948"]
[BlackElo "1718"]
[PlyCount "67"]
[EventDate "2023.09.30"]
[EventType "swiss"]
[EventRounds "7"]
[WhiteTeam "Hamburger SK von 1830 eV"]
[BlackTeam "SC Turm Lüneburg e.V."]

1. e4 c6 2. d4 d5 3. exd5 cxd5 4. Bd3 Nc6 5. c3 Nf6 6. Bf4 Bg4 7. Qb3 Qd7 8.
Nd2 e6 9. Ngf3 Bxf3 10. Nxf3 Bd6 11. Bg5 Be7 12. Ne5 Qc7 13. f4 O-O 14. O-O Ne4
15. Bxe7 Qxe7 16. Bxe4 dxe4 17. Nxc6 bxc6 18. f5 exf5 19. Rxf5 Rab8 20. Qc2 Rb5
21. Raf1 f6 22. Rxb5 cxb5 23. Qb3+ Kh8 24. Qxb5 e3 25. Re1 f5 26. g3 Qe4 27.
Qe5 Re8 28. Qxe4 Rxe4 29. Kg2 h5 30. Kf3 h4 31. Rxe3 Rg4 32. Re5 hxg3 33. hxg3
g6 34. Re7 1-0

[Event "100 Jahre Schvgg Blankenese - Open 2023"]
[Site "Lise-Meitner-Gymnasium (HH)"]
[Date "2023.10.01"]
[Round "3.15"]
[White "Brendel, Oliver"]
[Black "Kahlert, Thomas"]
[Result "1-0"]
[WhiteElo "2280"]
[BlackElo "2111"]
[PlyCount "75"]
[EventDate "2023.09.30"]
[EventType "swiss"]
[EventRounds "7"]
[WhiteTeam "SV 1920 Hofheim"]
[BlackTeam "FC ST.Pauli 1910 eV SAbt"]

1. c4 e5 2. Nc3 Nc6 3. g3 g6 4. Bg2 Bg7 5. e4 d6 6. Nge2 f5 7. d3 Nf6 8. O-O
O-O 9. Nd5 fxe4 10. dxe4 Nxd5 11. cxd5 Nd4 12. Nxd4 exd4 13. b4 c5 14. bxc5
dxc5 15. f4 Rb8 16. a4 b6 17. e5 Ba6 18. Re1 Bc4 19. d6 Qd7 20. Qf3 Be6 21. Bb2
Qf7 22. h4 h6 23. Qe4 Bf5 24. e6 Qf6 25. Qd5 Kh7 26. Re5 Rfe8 27. Rae1 Rbd8 28.
h5 Bc2 29. d7 Re7 30. Be4 Bxe4 31. Qxe4 Bf8 32. Kg2 Kg7 33. hxg6 Qxg6 34. f5
Qf6 35. Bc1 Kh7 36. Bf4 Bg7 37. Rd5 Bf8 38. Be5 1-0

[Event "100 Jahre Schvgg Blankenese - Open 2023"]
[Site "Lise-Meitner-Gymnasium (HH)"]
[Date "2023.10.01"]
[Round "3.16"]
[White "Annegarn, Alexander"]
[Black "Strohschän, Michel"]
[Result "1/2-1/2"]
[WhiteElo "2004"]
[BlackElo "1694"]
[PlyCount "112"]
[EventDate "2023.09.30"]
[EventType "swiss"]
[EventRounds "7"]
[WhiteTeam "SG Glückstadt von 1920"]
[BlackTeam "HSK Lister Turm"]

1. e4 c6 2. e5 d5 3. exd6 exd6 4. d4 d5 5. Bd3 Nf6 6. Bg5 Be7 7. Nd2 Bg4 8.
Ngf3 Nbd7 9. Nf1 O-O 10. Ne3 Bxf3 11. Qxf3 Qb6 12. O-O Rfe8 13. Nf5 Bf8 14. Qg3
g6 15. c4 Nh5 16. Qh3 Qc7 17. cxd5 Nf4 18. Bxf4 Qxf4 19. dxc6 bxc6 20. Nh6+
Bxh6 21. Qxd7 Red8 22. Qxc6 Qxd4 23. Ba6 Qxb2 24. Rab1 Qd4 25. Rb7 Rd6 26. Qc7
Rf6 27. Bc4 Rf8 28. Qe7 Bg5 {mit Remis-Angebot} 29. Qe2 Rc8 30. Rb4 Qd2 31. Qg4
Rd8 32. h4 Bh6 33. Ra4 Rf4 34. Qh3 Qd7 35. Qa3 Bf8 36. Qb3 Bc5 37. g3 Rf6 38.
Be2 Bb6 39. Rc4 Qd6 40. Qc3 Rd7 41. Rd1 Qxd1+ 42. Bxd1 Rxd1+ 43. Kg2 Rxf2+ 44.
Kh3 Rfd2 45. Rc8+ Rd8 46. Rxd8+ Rxd8 47. Kg4 h5+ 48. Kf3 Re8 49. Qc6 Re7 50. a4
Re5 51. Qc8+ Kh7 52. Qf8 Rf5+ 53. Ke4 Bc5 54. Qc8 Bb6 55. Qb7 Kg7 {mit
Remis-Angebot} 56. Qd7 Ra5 1/2-1/2

[Event "100 Jahre Schvgg Blankenese - Open 2023"]
[Site "Lise-Meitner-Gymnasium (HH)"]
[Date "2023.10.01"]
[Round "3.17"]
[White "Smith, Tobias"]
[Black "Oest, Thorsten"]
[Result "0-1"]
[WhiteElo "1696"]
[BlackElo "1984"]
[PlyCount "48"]
[EventDate "2023.09.30"]
[EventType "swiss"]
[EventRounds "7"]
[WhiteTeam "TSG Oberschöneweide e.V."]
[BlackTeam "SAbt MTV Salzhausen"]

1. d4 Nf6 2. c4 e6 3. Nc3 Bb4 4. Bd2 d5 5. e3 O-O 6. Nf3 b6 7. cxd5 exd5 8. Bd3
c5 9. Qc2 Ba6 10. O-O Bxd3 11. Qxd3 Nc6 12. dxc5 bxc5 13. a3 Ba5 14. Na4 c4 15.
Bxa5 Qxa5 16. Qc2 Rab8 17. Rfd1 Rb3 18. Nc3 Rfb8 19. Rab1 Qb6 20. Nxd5 Nxd5 21.
Rxd5 c3 22. Rd3 Rxb2 23. Rxb2 Qxb2 24. Rxc3 Qxc2 0-1

[Event "100 Jahre Schvgg Blankenese - Open 2023"]
[Site "Lise-Meitner-Gymnasium (HH)"]
[Date "2023.10.01"]
[Round "3.18"]
[White "Spät, Alexander"]
[Black "Müller, Marius"]
[Result "1-0"]
[WhiteElo "1973"]
[BlackElo "1672"]
[PlyCount "71"]
[EventDate "2023.09.30"]
[EventType "swiss"]
[EventRounds "7"]
[WhiteTeam "SK Johanneum Eppendorf"]
[BlackTeam "Hamburger SK von 1830 eV"]

1. e4 c5 2. Nf3 Nc6 3. c3 d5 4. exd5 Qxd5 5. Na3 Nf6 6. Bc4 Qd6 7. d4 cxd4 8.
Nb5 Qb8 9. cxd4 Bg4 10. O-O e6 11. h3 Bh5 12. g4 Bg6 13. Qe2 Be7 14. Ne5 O-O
15. Bf4 Nxe5 16. Bxe5 Qd8 17. Rac1 a6 18. Nc7 b5 19. Nxa8 bxc4 20. Nc7 Bd3 21.
Qd2 Nd5 22. Nxd5 Qxd5 23. Rfd1 a5 24. b3 Bb4 25. Qe3 Ba3 26. bxc4 Bxc4 27. Qxa3
Ba6 28. Rc5 Qe4 29. Qe3 Qg6 30. Rc7 h5 31. f3 f6 32. Bd6 Re8 33. Re7 Rxe7 34.
Bxe7 Kf7 35. d5 exd5 36. Re1 1-0

[Event "100 Jahre Schvgg Blankenese - Open 2023"]
[Site "Lise-Meitner-Gymnasium (HH)"]
[Date "2023.10.01"]
[Round "3.19"]
[White "Haertel, Leon"]
[Black "Goldmann, David"]
[Result "0-1"]
[WhiteElo "1664"]
[BlackElo "1970"]
[PlyCount "80"]
[EventDate "2023.09.30"]
[EventType "swiss"]
[EventRounds "7"]
[WhiteTeam "Hamburger SK von 1830 eV"]
[BlackTeam "Hamburger SK von 1830 eV"]

1. d4 Nf6 2. c4 g6 3. Nf3 Bg7 4. g3 e6 5. Bg2 d5 6. Nc3 O-O 7. O-O b6 8. Bg5
Bb7 9. Ne5 h6 10. Bxf6 Bxf6 11. Ng4 Bg7 12. Ne3 c6 13. cxd5 cxd5 14. Rc1 Nc6
15. Nc2 Rc8 16. e3 Qe7 17. Qd2 Rfd8 18. Rfd1 Ba6 19. Ne1 Bf8 20. Nd3 Na5 21. b3
Nc6 22. Na4 Qd7 23. Qb2 Bd6 24. Ne5 Bxe5 25. dxe5 Nb4 26. Bf1 Bxf1 27. Rxc8
Rxc8 28. Rxf1 Qc7 29. Rd1 b5 30. Qd2 Nc6 31. Nc3 a6 32. f4 Nxe5 33. Nxd5 exd5
34. fxe5 Qxe5 35. Qxd5 Qxe3+ 36. Kg2 Rc2+ 37. Kh3 Qe2 38. Qd8+ Kh7 39. Rd7 Qh5+
40. Qh4 Qf5+ 0-1

[Event "100 Jahre Schvgg Blankenese - Open 2023"]
[Site "Lise-Meitner-Gymnasium (HH)"]
[Date "2023.10.01"]
[Round "3.20"]
[White "Alieksieiev, Oleksii"]
[Black "Wennmann, Thorsten"]
[Result "1/2-1/2"]
[WhiteElo "1637"]
[BlackElo "1948"]
[PlyCount "110"]
[EventDate "2023.09.30"]
[EventType "swiss"]
[EventRounds "7"]
[WhiteTeam "Hamburger SK von 1830 eV"]
[BlackTeam "SchVgg Blankenese von 1923 e.V."]

1. e4 c5 2. c3 Nf6 3. e5 Nd5 4. d4 cxd4 5. Nf3 d6 6. cxd4 Nc6 7. Bc4 dxe5 8.
dxe5 Be6 9. Ng5 g6 10. Nxe6 fxe6 11. Qe2 Bg7 12. O-O O-O 13. Rd1 Nxe5 14. Bb3
Qa5 15. Na3 Rad8 16. Nc4 Qc7 17. Nxe5 Qxe5 18. Qxe5 Bxe5 19. Bh6 Bg7 20. Bxg7
Kxg7 21. Rac1 Rd7 22. g3 Rfd8 23. Rc2 Kf6 24. Re1 Rd6 25. Rce2 Nc7 26. Kg2 a6
27. f4 Rd2 28. Kf3 Rxe2 29. Rxe2 Rd6 30. g4 Nb5 31. g5+ Kf7 32. Re3 Nd4+ 33.
Kg4 Nxb3 34. Rxb3 b5 35. h3 Rd4 36. Re3 Rd2 37. Rb3 e5 38. Kf3 exf4 39. Kxf4
Ke6 40. Ke3 Rg2 41. Kf4 Kd5 42. h4 e5+ 43. Kf3 Rh2 44. Kg3 Rd2 45. a4 bxa4 46.
Rb6 Ke4 47. Rxa6 Rxb2 48. Rxa4+ Kf5 49. Ra7 Rb3+ 50. Kf2 Rh3 51. Rxh7 e4 52.
Kg2 Rd3 53. Re7 Rd2+ 54. Kg3 Rd3+ 55. Kg2 Rd2+ 1/2-1/2

[Event "100 Jahre Schvgg Blankenese - Open 2023"]
[Site "Lise-Meitner-Gymnasium (HH)"]
[Date "2023.10.01"]
[Round "3.21"]
[White "Kraft, Gerhard"]
[Black "Steinbrenner, Jürg"]
[Result "0-1"]
[WhiteElo "1635"]
[BlackElo "1948"]
[PlyCount "56"]
[EventDate "2023.09.30"]
[EventType "swiss"]
[EventRounds "7"]
[WhiteTeam "SchVgg Blankenese von 1923 e.V."]
[BlackTeam "FC ST.Pauli 1910 eV SAbt"]

1. e4 Nf6 2. e5 Nd5 3. d4 d6 4. c4 Nb6 5. exd6 exd6 6. Bd3 Nc6 7. Be3 Be7 8. a3
a5 9. Nc3 O-O 10. Qh5 g6 11. Qh6 Bf6 12. Nf3 Bg7 13. Qf4 d5 14. c5 Nc4 15. Bxc4
dxc4 16. O-O-O Nb4 17. axb4 axb4 18. Ne2 Ra2 19. g4 c6 20. Nd2 c3 21. bxc3 Qa5
22. Nb1 Rxe2 23. Rd2 Rxd2 24. Bxd2 b3 25. Qe4 Qa2 26. f3 Be6 27. Rf1 Bd5 28.
Qd3 Bc4 0-1

[Event "100 Jahre Schvgg Blankenese - Open 2023"]
[Site "Lise-Meitner-Gymnasium (HH)"]
[Date "2023.10.01"]
[Round "3.22"]
[White "Fellberg, Justus"]
[Black "Eichstädt, Enrico"]
[Result "0-1"]
[WhiteElo "1631"]
[BlackElo "1908"]
[PlyCount "142"]
[EventDate "2023.09.30"]
[EventType "swiss"]
[EventRounds "7"]
[WhiteTeam "SK Wilhelmsburg 1936 eV"]
[BlackTeam "SK Norderstedt von 1975"]

1. e4 c5 2. Nf3 g6 3. d4 cxd4 4. Nxd4 Nc6 5. c4 Bg7 6. Nb5 Nf6 7. N1c3 O-O 8.
Be2 a6 9. Na3 d6 10. O-O Be6 11. Nc2 Na5 12. Ne3 Qc7 13. Ned5 Bxd5 14. cxd5 b5
15. a3 Nd7 16. Bd2 Nc4 17. Bxc4 Qxc4 18. Re1 Nc5 19. Qf3 Nb3 20. Rad1 Nd4 21.
Qh3 Nc2 22. Rf1 Qb3 23. Rb1 a5 24. Nd1 Qxh3 25. gxh3 b4 26. Ne3 Nd4 27. Kg2 Nb3
28. Rfd1 Rfb8 29. axb4 Nxd2 30. Rxd2 Rxb4 31. f3 Bh6 32. Rd3 Rab8 33. Nd1 a4
34. Ra3 Bf4 35. Rba1 Rc8 36. Rc3 Rxb2+ 37. Nxb2 Rxc3 38. Nxa4 Rc2+ 39. Kg1
Bxh2+ 40. Kh1 Be5 41. Ra3 Rh2+ 42. Kg1 Rxh3 43. Rd3 Rh2 44. Nb6 Rc2 45. Nd7 Bf4
46. Nb8 h5 47. Nc6 Kf8 48. Rb3 h4 49. Rb8+ Kg7 50. Nxe7 h3 51. Rb1 h2+ 52. Kh1
Rf2 53. Re1 Rxf3 54. Nc6 g5 55. Ne7 Kf6 56. Nc6 Re3 57. e5+ dxe5 58. Rd1 Rg3
59. Nb4 e4 60. d6 Rg1+ 61. Rxg1 hxg1=Q+ 62. Kxg1 Ke6 63. Kf2 Bxd6 64. Nc2 Bc5+
65. Ke2 f5 66. Ne1 f4 67. Kf1 g4 68. Ng2 Kf5 69. Nh4+ Kg5 70. Ng2 f3 71. Ne1 g3
0-1

[Event "100 Jahre Schvgg Blankenese - Open 2023"]
[Site "Lise-Meitner-Gymnasium (HH)"]
[Date "2023.10.01"]
[Round "3.23"]
[White "Kühn, Lukas"]
[Black "Thomas, Jeremy"]
[Result "0-1"]
[WhiteElo "1581"]
[BlackElo "1903"]
[PlyCount "48"]
[EventDate "2023.09.30"]
[EventType "swiss"]
[EventRounds "7"]
[WhiteTeam "FC ST.Pauli 1910 eV SAbt"]
[BlackTeam "Blau-Weiss Buchholz"]

1. e4 c5 2. d4 cxd4 3. c3 d3 4. Bxd3 g6 5. Nf3 Bg7 6. O-O Nc6 7. c4 Nf6 8. Nc3
O-O 9. Be3 Ng4 10. Bd2 d6 11. Rc1 Bd7 12. h3 Nge5 13. Nxe5 dxe5 14. Be3 Nd4 15.
Qd2 Bxh3 16. Bxd4 exd4 17. Ne2 Bd7 18. b3 e5 19. Ra1 Qh4 20. a4 Bh6 21. Qc2 a5
22. Qb1 Bc6 23. Qc2 f5 24. f3 Be3+ 0-1